[Event "SVK-chT 2122"]
[Site "Slovakia"]
[Date "2022.06.10"]
[Round "9.6"]
[White "Kraus, Tomas"]
[Black "Hujbert, Florian"]
[Result "1-0"]
[WhiteElo "2458"]
[BlackElo "2399"]
[PlyCount "75"]
[EventDate "2021.10.23"]
[EventType "team-tourn"]
[EventRounds "11"]
[EventCountry "SVK"]
[SourceTitle "EXT 2023"]
[Source "ChessBase"]
[SourceDate "2022.10.05"]
[SourceVersion "1"]
[SourceVersionDate "2022.10.05"]
[SourceQuality "1"]
[WhiteTeam "Podhajska Aquamarin"]
[BlackTeam "Cebovce"]
[WhiteTeamCountry "SVK"]
[BlackTeamCountry "SVK"]

1. e4 c5 2. Nf3 e6 3. g3 Nc6 4. Bg2 Nf6 5. Qe2 e5 6. 0-0 Be7 7. Na3 0-0 8. c3 Re8 9. Nc4 Bf8 10. d3 d6 11. Bg5 h6 12. Bxf6 Qxf6 13. Ne3 Qd8 14. Nd2 Rb8 15. a4 a6 16. f4 exf4 17. gxf4 b5 18. axb5 axb5 19. Qf3 Bb7 20. Kh1 Kh8 21. Qg3 Ne7 22. d4 cxd4 23. cxd4 Nc6 24. Nb3 Nb4 25. d5 Qf6 26. Qe1 Na6 27. Qd2 g6 28. e5 dxe5 29. Ng4 Qg7 30. fxe5 h5 31. Nf6 Rxe5 32. Nd7 Bd6 33. Nxb8 Nxb8 34. Na5 Re7 35. Nc6 Bxc6 36. dxc6 Qe5 37. Bd5 Bb4 38. Qh6+ 1-0

[Event "Budapest FS11 GM"]
[Site "Budapest"]
[Date "2019.11.08"]
[Round "6"]
[White "Nguyen, Van Huy"]
[Black "Hujbert, Florian"]
[Result "0-1"]
[WhiteElo "2468"]
[BlackElo "2420"]
[PlyCount "122"]
[EventDate "2019.11.02"]
[EventType "tourn"]
[EventRounds "9"]
[EventCountry "HUN"]
[EventCategory "7"]
[SourceTitle "CBM 193 Extra"]
[Source "ChessBase"]
[SourceDate "2020.01.31"]
[SourceVersion "1"]
[SourceVersionDate "2020.01.31"]
[SourceQuality "1"]

1. d4 e6 2. Nf3 c5 3. c4 cxd4 4. Nxd4 Nf6 5. Nc3 a6 6. g3 Qc7 7. Bg2 Nc6 8. 0-0 Be7 9. b3 0-0 10. Bb2 d6 11. Rc1 Ne5 12. Qd2 Bd7 13. f4 Ng6 14. e4 Rfd8 15. Kh1 Nf8 16. Qe2 Be8 17. g4 h6 18. h4 g6 19. f5 e5 20. Nf3 Bc6 21. Bh3 N8h7 22. Qe3 g5 23. Rg1 Nd7 24. Rc2 Rac8 25. Bc1 Qb8 26. Bf1 b5 27. Rh2 b4 28. Nd5 Bxd5 29. exd5 Qb6 30. Qe2 Re8 31. hxg5 hxg5 32. Be3 Qd8 33. Rh5 e4 34. Nd4 Ndf6 35. Rh3 Bf8 36. Nc6 Rxc6 37. dxc6 d5 38. cxd5 Nxd5 39. Qc4 Qd6 40. Be2 Nxe3 41. Rxe3 Nf6 42. c7 Rc8 43. Qxa6 Rxc7 44. Qxd6 Bxd6 45. Bc4 Bc5 46. Re2 Bxg1 47. Kxg1 Rd7 48. Kg2 Rd1 49. Rb2 Kg7 50. Be2 Rd4 51. Kf2 Nd5 52. Bc4 e3+ 53. Ke2 Nc3+ 54. Kxe3 Rxc4 55. bxc4 Nd1+ 56. Kd4 Nxb2 57. Kc5 Nd3+ 58. Kd6 Nf2 59. c5 Nxg4 60. c6 Nf6 61. Ke7 g4 0-1

[Event "HUN-chT 1819"]
[Site "Hungary"]
[Date "2019.04.27"]
[Round "8.5"]
[White "Szabo, Gergely Andras"]
[Black "Hujbert, Florian"]
[Result "1-0"]
[WhiteElo "2531"]
[BlackElo "2425"]
[PlyCount "93"]
[EventDate "2018.11.17"]
[EventType "team-tourn"]
[EventRounds "9"]
[EventCountry "HUN"]
[SourceTitle "CBM 190 Extra"]
[Source "ChessBase"]
[SourceDate "2019.07.15"]
[SourceVersion "1"]
[SourceVersionDate "2019.07.15"]
[SourceQuality "1"]
[WhiteTeam "DVTK"]
[BlackTeam "Penzugyor"]
[WhiteTeamCountry "HUN"]
[BlackTeamCountry "HUN"]

1. d4 Nf6 2. Bf4 b6 3. c4 Bb7 4. Nc3 e6 5. a3 g6 6. d5 Bg7 7. g3 0-0 8. Bg2 exd5 9. cxd5 Re8 10. Nh3 d6 11. 0-0 Nbd7 12. Qc2 a6 13. Rad1 b5 14. e4 Ne5 15. Bc1 Rc8 16. f4 Ned7 17. Nf2 Bf8 18. Rfe1 h5 19. h3 Kh7 20. Nd3 c6 21. dxc6 Qb6+ 22. Be3 Qxc6 23. Bd4 Qc4 24. Qf2 Bg7 25. e5 Nd5 26. Ne4 Bf8 27. exd6 f6 28. f5 g5 29. Bxf6 Rxe4 30. Rxe4 Qb3 31. Ree1 N7xf6 32. Nc5 Rxc5 33. Qxc5 Qxg3 34. Qf2 Qxf2+ 35. Kxf2 Bxd6 36. Re6 Bc5+ 37. Ke1 Kg7 38. b4 Nxb4 39. axb4 Bxb4+ 40. Kf1 Bxg2+ 41. Kxg2 Bc3 42. Rxa6 b4 43. Rb6 g4 44. hxg4 hxg4 45. Rdd6 Be5 46. Re6 Bc3 47. Kg3 1-0

[Event "HUN-chT 1819"]
[Site "Hungary"]
[Date "2019.01.27"]
[Round "4.2"]
[White "Hujbert, Florian"]
[Black "Ruck, Robert"]
[Result "1/2-1/2"]
[WhiteElo "2425"]
[BlackElo "2515"]
[PlyCount "60"]
[EventDate "2018.11.17"]
[EventType "team-tourn"]
[EventRounds "9"]
[EventCountry "HUN"]
[SourceTitle "CBM 188 Extra"]
[Source "ChessBase"]
[SourceDate "2019.02.26"]
[SourceVersion "1"]
[SourceVersionDate "2019.02.26"]
[SourceQuality "1"]
[WhiteTeam "Penzugyor"]
[BlackTeam "HVSE Infraplan"]
[WhiteTeamCountry "HUN"]
[BlackTeamCountry "HUN"]

1. d4 Nf6 2. c4 e6 3. Nf3 b6 4. e3 Bb7 5. Bd3 d5 6. b3 Bd6 7. cxd5 exd5 8. Ba3 0-0 9. Bxd6 Qxd6 10. 0-0 Nbd7 11. Nc3 a6 12. Qe2 Ne4 13. Bxe4 dxe4 14. Nd2 Qg6 15. b4 Rac8 16. Rab1 f5 17. b5 axb5 18. Qxb5 Rf7 19. Ne2 Qe6 20. Nc4 g5 21. Nc3 c6 22. Qb3 Ba6 23. Nxb6 Qxb3 24. Rxb3 Nxb6 25. Rxb6 Bxf1 26. Kxf1 Ra7 27. a4 Kf8 28. g4 fxg4 29. Nxe4 Rxa4 30. Rb7 Re8 1/2-1/2

[Event "HUN-chT 1718"]
[Site "Hungary"]
[Date "2017.11.26"]
[Round "2.8"]
[White "Hujbert, Florian"]
[Black "Papp, Petra"]
[Result "1-0"]
[WhiteElo "2444"]
[BlackElo "2335"]
[PlyCount "97"]
[EventDate "2017.11.25"]
[EventType "team-tourn"]
[EventRounds "9"]
[EventCountry "HUN"]
[SourceTitle "CBM 181 Extra"]
[Source "ChessBase"]
[SourceDate "2017.12.12"]
[SourceVersion "1"]
[SourceVersionDate "2017.12.12"]
[SourceQuality "1"]
[WhiteTeam "Penzugyor"]
[BlackTeam "Dunaharaszti"]
[WhiteTeamCountry "HUN"]
[BlackTeamCountry "HUN"]

1. e4 c5 2. Nf3 d6 3. Nc3 Nf6 4. e5 dxe5 5. Nxe5 a6 6. g3 Nbd7 7. Nxd7 Bxd7 8. Bg2 Qc8 9. 0-0 e6 10. a4 Bc6 11. d3 Bxg2 12. Kxg2 Qc6+ 13. Qf3 Qxf3+ 14. Kxf3 Nd5 15. Nxd5 exd5 16. Bf4 Kd7 17. Rfe1 Bd6 18. Be5 f6 19. Bxd6 Kxd6 20. a5 Rhe8 21. Re2 Re5 22. Rxe5 Kxe5 23. Ra3 Re8 24. Rb3 Re7 25. c3 Kd6 26. h4 Kc7 27. h5 h6 28. c4 Rd7 29. Kf4 dxc4 30. dxc4 Rd4+ 31. Kf5 Rxc4 32. f4 Rd4 33. Kg6 Rd7 34. Rb6 c4 35. Rb4 Kc6 36. Rxc4+ Kb5 37. Rc8 Kxa5 38. Rg8 b5 39. Rxg7 Rd2 40. g4 Rxb2 41. Kxh6 b4 42. Rb7 Ka4 43. g5 fxg5 44. fxg5 b3 45. g6 Rg2 46. g7 b2 47. Rxb2 Rxb2 48. g8Q Rb6+ 49. Qg6 1-0

[Event "HUN-chT 1617"]
[Site "Hungary"]
[Date "2017.04.09"]
[Round "9.4"]
[White "Jovanovic, Zoran"]
[Black "Hujbert, Florian"]
[Result "1-0"]
[WhiteElo "2526"]
[BlackElo "2464"]
[PlyCount "127"]
[EventDate "2016.10.30"]
[EventType "team-tourn"]
[EventRounds "9"]
[EventCountry "HUN"]
[SourceTitle "EXT 2018"]
[Source "ChessBase"]
[SourceDate "2017.10.13"]
[SourceVersion "1"]
[SourceVersionDate "2017.10.13"]
[SourceQuality "1"]
[WhiteTeam "Dunaharaszti"]
[BlackTeam "Penzugyor"]
[WhiteTeamCountry "HUN"]
[BlackTeamCountry "HUN"]

1. e4 c5 2. Nc3 g6 3. d4 cxd4 4. Qxd4 Nf6 5. Nf3 Nc6 6. Qa4 d6 7. e5 dxe5 8. Nxe5 Bd7 9. Nxd7 Qxd7 10. Be3 Bg7 11. Rd1 Qf5 12. Ba6 Qc8 13. Be2 0-0 14. 0-0 Rd8 15. Rxd8+ Qxd8 16. Rd1 Qc7 17. Qb3 Kf8 18. h3 h5 19. Nd5 Nxd5 20. Rxd5 b6 21. c3 Rd8 22. Bb5 e6 23. Rxd8+ Nxd8 24. Qb4+ Qe7 25. Qe4 Qb7 26. Qh4 Qe7 27. Bg5 f6 28. Be3 Nb7 29. Qg3 Kf7 30. Qb8 Nd6 31. Bd3 f5 32. a4 e5 33. a5 f4 34. axb6 axb6 35. Bxb6 e4 36. Bf1 Qe6 37. Bc5 Be5 38. Qc7+ Kf6 39. Qd8+ Kf5 40. Qf8+ Kg5 41. Qd8+ Kh6 42. Qf8+ Kg5 43. Qa8 Kh4 44. Qd8+ g5 45. Qa8 Qf6 46. Bxd6 Bxd6 47. Qxe4 g4 48. hxg4 hxg4 49. Qh7+ Kg5 50. Qg8+ Kh4 51. Bd3 Bc5 52. Qh7+ Kg5 53. Qg8+ Kh4 54. Kf1 Bxf2 55. Be2 Qf5 56. Qxg4+ Qxg4 57. Bxg4 Be3 58. Bf3 Bc1 59. b3 Kg5 60. Ke2 Kf5 61. Kd3 Ke5 62. b4 Ba3 63. Kc4 Kd6 64. Kb5 1-0

[Event "Budapest FS09 GM"]
[Site "Budapest"]
[Date "2016.09.09"]
[Round "6"]
[White "Ilincic, Zlatko"]
[Black "Hujbert, Florian"]
[Result "0-1"]
[WhiteElo "2388"]
[BlackElo "2457"]
[PlyCount "84"]
[EventDate "2016.09.03"]
[EventType "tourn"]
[EventRounds "9"]
[EventCountry "HUN"]
[EventCategory "6"]
[SourceTitle "CBM 174 Extra"]
[Source "ChessBase"]
[SourceDate "2016.10.10"]
[SourceVersion "1"]
[SourceVersionDate "2016.10.10"]
[SourceQuality "1"]

1. d4 Nf6 2. c4 e6 3. Nf3 b6 4. g3 Bb7 5. Bg2 g6 6. 0-0 Bg7 7. Nc3 Ne4 8. Qd3 Nxc3 9. bxc3 0-0 10. a4 Nc6 11. Ba3 Re8 12. e4 Na5 13. Nd2 Ba6 14. Rfe1 d5 15. exd5 exd5 16. Rxe8+ Qxe8 17. Bxd5 Rd8 18. Qf3 c6 19. Be4 f5 20. Bd3 c5 21. Qe3 Qxe3 22. fxe3 cxd4 23. cxd4 Rxd4 24. exd4 Bxd4+ 25. Kf1 Bxa1 26. Ke2 Bc3 27. Nf3 Bxc4 28. Bxc4+ Nxc4 29. Kd3 Ne5+ 30. Kxc3 Nxf3 31. Kc4 Nxh2 32. Kb5 Nf1 33. Bd6 Kf7 34. Bb8 Ke6 35. Bxa7 Nxg3 36. Kc6 Ne2 37. Bxb6 h5 38. Bd8 Nd4+ 39. Kc5 Kd7 40. Bf6 Nf3 41. a5 Kc7 42. a6 Kb8 0-1

[Event "HUN-chT 1516"]
[Site "Hungary"]
[Date "2016.04.03"]
[Round "7.4"]
[White "Gazik, Viktor"]
[Black "Hujbert, Florian"]
[Result "1/2-1/2"]
[WhiteElo "2432"]
[BlackElo "2453"]
[PlyCount "93"]
[EventDate "2015.11.07"]
[EventType "team-tourn"]
[EventRounds "11"]
[EventCountry "HUN"]
[SourceTitle "CBM 171 Extra"]
[Source "ChessBase"]
[SourceDate "2016.04.26"]
[SourceVersion "1"]
[SourceVersionDate "2016.04.26"]
[SourceQuality "1"]
[WhiteTeam "Budapest Titanok"]
[BlackTeam "Penzugyor"]
[WhiteTeamCountry "HUN"]
[BlackTeamCountry "HUN"]

1. e4 c5 2. Nf3 g6 3. d4 Bg7 4. Nc3 cxd4 5. Nxd4 Nc6 6. Be3 Nf6 7. Bc4 0-0 8. Bb3 d6 9. f3 Na5 10. Qd2 Bd7 11. g4 Rb8 12. h4 b5 13. h5 Nc4 14. Bxc4 bxc4 15. Bh6 Bxh6 16. Qxh6 Qb6 17. Rd1 Qa5 18. hxg6 fxg6 19. g5 Rxb2 20. Kd2 Nh5 21. Rxh5 Rf7 22. Rh2 e5 23. Nde2 d5 24. Rdh1 d4 25. Qxg6+ Rg7 26. Qd6 dxc3+ 27. Nxc3 Ba4 28. Qe6+ Kf8 29. Qc8+ Ke7 30. Rc1 Rb6 31. Qc7+ Kf8 32. Qxc4 Rc6 33. Qxa4 Qxc3+ 34. Ke2 Rd7 35. Kf1 Rf7 36. Rf2 Rxf3 37. Re1 Rxf2+ 38. Kxf2 Rc7 39. Qb3 Rf7+ 40. Ke2 Qd4 41. Qe3 Qc4+ 42. Qd3 Qe6 43. Rg1 Rd7 44. Qb5 Kg7 45. Rg3 a6 46. Qc5 Rd4 47. Rf3 1/2-1/2

[Event "HUN-chT 1516"]
[Site "Hungary"]
[Date "2015.11.07"]
[Round "1"]
[White "Nagy, Gabor"]
[Black "Hujbert, Florian"]
[Result "1/2-1/2"]
[WhiteElo "2393"]
[BlackElo "2453"]
[PlyCount "32"]
[EventDate "2015.11.07"]
[EventType "team-tourn"]
[EventRounds "11"]
[EventCountry "HUN"]
[SourceTitle "CBM 169 Extra"]
[Source "ChessBase"]
[SourceDate "2015.12.18"]
[SourceVersion "1"]
[SourceVersionDate "2015.12.18"]
[SourceQuality "1"]
[WhiteTeam "Kobanya Aquarena"]
[BlackTeam "Penzugyor"]
[WhiteTeamCountry "HUN"]
[BlackTeamCountry "HUN"]

1. Nf3 Nf6 2. c4 b6 3. g3 Bb7 4. Bg2 g6 5. 0-0 Bg7 6. d4 0-0 7. d5 Na6 8. Nc3 Nc5 9. Nd4 a5 10. b3 e6 11. e4 d6 12. Rb1 Re8 13. a3 exd5 14. exd5 Nfe4 15. Nxe4 Nxe4 16. Bb2 Qd7 1/2-1/2